Dạo bước vườn văn Hàn Quốc

Wedi'i Gadw mewn:
Manylion Llyfryddiaeth
Prif Awdur: Phan, Thị Thu Hiền
Fformat: Llyfr
Iaith:Undetermined
Cyhoeddwyd: Thành phố Hồ Chí Minh Tổng hợp Thành phố Hồ Chí Minh 2017
Pynciau:
Tagiau: Ychwanegu Tag
Dim Tagiau, Byddwch y cyntaf i dagio'r cofnod hwn!
Thư viện lưu trữ: Trung tâm Học liệu Trường Đại học Cần Thơ
LEADER 00690nam a2200205Ia 4500
001 CTU_225819
008 210402s9999 xx 000 0 und d
020 |c 140000 
082 |a 895.7 
082 |b H305 
100 |a Phan, Thị Thu Hiền 
245 0 |a Dạo bước vườn văn Hàn Quốc 
245 0 |c Phan Thị Thu Hiền 
260 |a Thành phố Hồ Chí Minh 
260 |b Tổng hợp Thành phố Hồ Chí Minh 
260 |c 2017 
650 |a Korean literature,Văn học Hàn Quốc 
650 |x History and criticism,Lịch sử và phê bình 
910 |b vtbtruc 
980 |a Trung tâm Học liệu Trường Đại học Cần Thơ